<?xml version="1.0" encoding="UTF-8"?><collection xmlns="info:lc/xmlns/marcxchange-v2"><record format="Unimarc" type="bibliographic"><leader>00734nam  2200217   450 </leader><controlfield tag="001">2357052</controlfield><controlfield tag="003">http://id.bnportugal.gov.pt/bib/porbase/2357052</controlfield><controlfield tag="005">20090717113600.0</controlfield><datafield ind1=" " ind2=" " tag="010"><subfield code="a">0-1402-0652-3</subfield></datafield><datafield ind1=" " ind2=" " tag="035"><subfield code="a">UCJPII_202.iso/13-12-2010/56871</subfield></datafield><datafield ind1=" " ind2=" " tag="035"><subfield code="a">267481</subfield></datafield><datafield ind1=" " ind2=" " tag="100"><subfield code="a">20090717d1977    km y0pory0103    ba</subfield></datafield><datafield ind1="0" ind2=" " tag="101"><subfield code="a">eng </subfield></datafield><datafield ind1=" " ind2=" " tag="102"><subfield code="a">GB </subfield></datafield><datafield ind1="1" ind2=" " tag="200"><subfield code="a">What is history?</subfield><subfield code="e">the George Macaulay Trevelyan lectures delivered in the University of Cambridge, January-March 1961</subfield><subfield code="f">E. H. Carr</subfield></datafield><datafield ind1=" " ind2=" " tag="210"><subfield code="a">Harmondsworth</subfield><subfield code="c">Penguin Books</subfield><subfield code="d">1977</subfield></datafield><datafield ind1=" " ind2=" " tag="215"><subfield code="a">160 p.</subfield><subfield code="d">18 cm</subfield></datafield><datafield ind1="2" ind2=" " tag="225"><subfield code="a">?A ?pelican book.</subfield><subfield code="i">Philosophy history</subfield></datafield><datafield ind1=" " ind2=" " tag="675"><subfield code="a">930.1</subfield><subfield code="v">2med</subfield><subfield code="z">fre</subfield></datafield><datafield ind1=" " ind2="1" tag="700"><subfield code="a">Carr</subfield><subfield code="b">E. H.</subfield></datafield><datafield ind1=" " ind2="1" tag="702"><subfield code="a">Trevelyan</subfield><subfield code="b">George Macaulay</subfield><subfield code="4">280</subfield></datafield><datafield ind1=" " ind2="0" tag="801"><subfield code="a">PT</subfield><subfield code="b">UCJPII</subfield><subfield code="g">RPC</subfield></datafield></record></collection>